000 00555nam a2200193Ia 4500
003 GCL
008 140319s9999 xx 000 0 ara d
040 _aGCL /
_cGCL
082 0 4 _aد
_b050
100 1 _aابراهيم فهيم
245 1 0 _aعالج نفسك بالغذاء (اقرا?374) /
_cابراهيم فهيم
300 _a197 ص
490 _aوثائق ونصوص
_v0
650 0 4 _aالعلاج
650 0 4 _aالتغذية
650 0 4 _aالاغذية
650 0 4 _aالمضادات الحيوية فى التغذية
942 _2ddc
_cCF
999 _c27245
_d27245